000 00811nam a2200121Ia 4500
008 220620s9999||||xx |||||||||||||| ||und||
100 _aCigdem Bagci, Sabahat||Rutland, Adam
245 0 _aChapter 11 Ethnic majority and minority youth in multicultural societies
546 _aEnglish[eng]
650 _aimmigration||acculturation||adolescent development||bicultural identity||cultural identity||diaspora immigrant||ethnic identity||diaspora immigrants||ethnic identity||ethnic majority youth||family systems||immigrant youth's well-being||immigrants' social networks||immigration policies||minority groups||multicultural societies||polyculturalism||refugees||remote acculturation||super-diversity
856 _uhttps://library.oapen.org/bitstream/20.500.12657/41410/1/9781138488380_oachapter11.pdf
942 _cEB
999 _c28237
_d28237